[Event "Outaouais-ch Reserve"]
[Site "Gatineau CAN"]
[Date "2022.05.31"]
[Round "5"]
[White "Roussel-Lewis, Mathieu"]
[Black "Seguin, Hubert"]
[Result "0-1"]
[WhiteElo "1273"]
[BlackElo "1541"]
[PlyCount "38"]
[EventDate "2022.05.03"]
[EventType "swiss"]
[EventRounds "7"]
[EventCountry "CAN"]

1. e4 c5 2. Nf3 d6 3. d4 cxd4 4. Nxd4 Nc6 5. Bb5 Bd7 6. Nc3 Nf6 7. Bg5 e6 8. f4
Be7 9. Qd2 a6 10. Nxc6 Bxc6 11. Bxc6+ bxc6 12. O-O-O d5 13. e5 Nd7 14. Bxe7
Qxe7 15. Rhf1 O-O 16. Rf3 Nb6 17. f5 exf5 18. Rxf5 Nc4 19. Na4 Nxd2 0-1

[Event "Outaouais-ch Reserve"]
[Site "Gatineau CAN"]
[Date "2022.05.31"]
[Round "5"]
[White "Thompson, Francis"]
[Black "Masse-Garneau, Anthony"]
[Result "1-0"]
[WhiteElo "1487"]
[BlackElo "1547"]
[PlyCount "107"]
[EventDate "2022.05.03"]
[EventType "swiss"]
[EventRounds "7"]
[EventCountry "CAN"]

1. e4 c5 2. Nf3 e6 3. d4 cxd4 4. Nxd4 Nc6 5. Nc3 d6 6. Be3 Nf6 7. f3 Be7 8. Qd2
O-O 9. O-O-O d5 10. exd5 Nxd5 11. Nxd5 Qxd5 12. Nb3 Qxd2+ 13. Rxd2 e5 14. Bc4
Rd8 15. a3 Bf5 16. g4 Bg6 17. h4 h6 18. Bd5 Kf8 19. Bxc6 bxc6 20. Bc5 Rxd2 21.
Kxd2 Rd8+ 22. Kc1 Bxc5 23. Nxc5 f6 24. Ne6+ Ke7 25. Nxd8 Kxd8 26. c4 Kc7 27. c5
Bd3 28. Kd2 Bc4 29. Re1 a5 30. b4 Kb7 31. f4 exf4 32. Re7+ Ka6 33. Rxg7 axb4
34. axb4 Kb5 35. Rb7+ Ka4 36. Kc3 Ba6 37. Rf7 Be2 38. Rxf6 Bxg4 39. Rxf4 h5 40.
Rf6 Kb5 41. Rd6 Be2 42. Rd4 Ka6 43. Kd2 Bf1 44. Rf4 Bh3 45. Rf3 Bd7 46. Ra3+
Kb7 47. Kc3 Be6 48. Kd4 Bd5 49. Ke5 Bc4 50. Kd6 Be2 51. Re3 Bb5 52. Re5 Ka6 53.
Rxh5 Ba4 54. Rh8 1-0

[Event "Outaouais-ch Reserve"]
[Site "Gatineau CAN"]
[Date "2022.05.31"]
[Round "5"]
[White "Villeneuve, Denis"]
[Black "MacIsaac, Alexandre"]
[Result "0-1"]
[WhiteElo "1415"]
[BlackElo "1615"]
[PlyCount "88"]
[EventDate "2022.05.03"]
[EventType "swiss"]
[EventRounds "7"]
[EventCountry "CAN"]

1. e4 c5 2. Nf3 d6 3. c3 Nf6 4. h3 Nc6 5. d4 cxd4 6. cxd4 Nxe4 7. d5 Qa5+ 8.
Nc3 Nxc3 9. bxc3 Ne5 10. Nxe5 dxe5 11. Qb3 Bd7 12. Bd2 b5 13. Bd3 g6 14. Rc1 a6
15. c4 bxc4 16. Bxc4 Qa4 17. Qb7 Rc8 18. Qxa6 Qxa6 19. Bxa6 Rxc1+ 20. Bxc1 e6
21. O-O exd5 22. Bb7 d4 23. Bd2 Bg7 24. Re1 O-O 25. a3 Rb8 26. Bd5 Rb2 27. Bb4
Ba4 28. Rc1 Rc2 29. Rxc2 Bxc2 30. f3 Bh6 31. Kf1 Bd3+ 32. Ke1 Kg7 33. Bd2 f5
34. a4 e4 35. fxe4 fxe4 36. Bb4 Bf4 37. a5 e3 38. Bf3 Ba6 39. Bc5 d3 40. Bd4+
Kf7 41. Bc3 Bg3+ 42. Kd1 e2+ 43. Kc1 e1=Q+ 44. Bxe1 Bxe1 0-1

[Event "Outaouais-ch Reserve"]
[Site "Gatineau CAN"]
[Date "2022.06.07"]
[Round "6"]
[White "Brault, Jean-Francois"]
[Black "Thompson, Francis"]
[Result "0-1"]
[WhiteElo "1495"]
[BlackElo "1487"]
[PlyCount "68"]
[EventDate "2022.05.03"]
[EventType "swiss"]
[EventRounds "7"]
[EventCountry "CAN"]
[TimeControl "90/30:0"]

1. c4 Nf6 2. Nc3 d5 3. cxd5 Nxd5 4. g3 g6 5. Bg2 c6 6. Nf3 Bg7 7. O-O O-O 8. d4
c5 9. e4 Nxc3 10. bxc3 cxd4 11. cxd4 Nc6 12. Bb2 Bg4 13. e5 Qb6 14. Qd2 Rad8
15. d5 Bxf3 16. Bxf3 Nxe5 17. Bxe5 Bxe5 18. Rab1 Qf6 19. Bg2 b6 20. Qe2 Bd4 21.
Rbc1 Bc5 22. Rc2 a5 23. Qa6 Qd6 24. Qc4 Rc8 25. Qg4 h5 26. Qg5 Kg7 27. Be4 f5
28. Bf3 Be3 29. fxe3 Rxc2 30. Bxh5 Qf6 31. Qxf6+ Rxf6 32. Bf3 Rxa2 33. Rc1 Rd6
34. Rc6 Rd2 0-1

[Event "Outaouais-ch Reserve"]
[Site "Gatineau CAN"]
[Date "2022.06.07"]
[Round "6"]
[White "Chenard, Paul"]
[Black "Jacques, Olivier"]
[Result "0-1"]
[WhiteElo "1150"]
[BlackElo "1155"]
[PlyCount "82"]
[EventDate "2022.05.03"]
[EventType "swiss"]
[EventRounds "7"]
[EventCountry "CAN"]
[TimeControl "90/30:0"]

1. e4 e5 2. Nf3 Nc6 3. Bc4 Nf6 4. Nc3 Bb4 5. Nb5 Nxe4 6. O-O O-O 7. d3 Nf6 8.
a3 Be7 9. h3 d5 10. Bb3 a6 11. Nc3 d4 12. Ne4 Nxe4 13. dxe4 Be6 14. Ba2 Bxa2
15. Rxa2 Bd6 16. Ng5 h6 17. Nf3 Ne7 18. h4 Ng6 19. g3 c5 20. c3 b5 21. h5 Ne7
22. b4 c4 23. cxd4 Nc6 24. d5 Ne7 25. Rd2 Rc8 26. Nxe5 Bxe5 27. f4 Qb6+ 28. Kg2
Bb8 29. Bb2 c3 30. Bxc3 Rxc3 31. Qg4 f5 32. exf5 Nxf5 33. Re2 Ne3+ 34. Rxe3
Qxe3 35. Rf2 Ba7 36. Qe6+ Qxe6 37. dxe6 Bxf2 38. Kxf2 Re8 39. f5 Kf8 40. g4 Ke7
41. Ke2 Rd8 0-1

[Event "Outaouais-ch Reserve"]
[Site "Gatineau CAN"]
[Date "2022.06.10"]
[Round "6"]
[White "MacIsaac, Alexandre"]
[Black "Masse-Garneau, Anthony"]
[Result "1/2-1/2"]
[WhiteElo "1615"]
[BlackElo "1547"]
[PlyCount "137"]
[EventDate "2022.05.03"]
[EventType "swiss"]
[EventRounds "7"]
[EventCountry "CAN"]

1. e4 c6 2. d4 d5 3. exd5 cxd5 4. c4 Nf6 5. Nc3 e6 6. Nf3 Be7 7. cxd5 Nxd5 8.
Bb5+ Bd7 9. Bxd7+ Qxd7 10. Ne5 Qd8 11. Qa4+ Nd7 12. Nxd5 exd5 13. Qb5 Bf6 14.
O-O Bxe5 15. Re1 O-O 16. dxe5 Re8 17. Qxd5 Nxe5 18. Qxd8 Raxd8 19. Be3 b6 20.
Red1 Nc4 21. Bd4 Re4 22. Bxb6 Rxd1+ 23. Rxd1 Kf8 24. Bc5+ Ke8 25. b3 Nb2 26.
Rb1 a6 27. Kf1 Nd3 28. Be3 Nb4 29. Bd2 Nd3 30. f3 Re6 31. Rd1 Rc6 32. Ke2 Ne5
33. Rc1 Rg6 34. g3 Re6 35. Be3 Nd7 36. Rc8+ Ke7 37. Kf2 Ne5 38. Rc3 Kd7 39. Bf4
f6 40. Bxe5 Rxe5 41. b4 a5 42. bxa5 Rxa5 43. a3 g5 44. Re3 f5 45. f4 g4 46. h3
gxh3 47. Kg1 Ra6 48. Kh2 Rh6 49. Re5 Rh5 50. a4 Kc6 51. g4 Rh4 52. Rxf5 Rxg4
53. Kxh3 h5 54. a5 Kb7 55. Rf6 Ka7 56. a6 Rg1 57. f5 Rg4 58. Re6 Rc4 59. f6 Rg4
60. Rd6 Rf4 61. Kg3 Rf1 62. Kh4 Rf5 63. Re6 Ka8 64. Rc6 Ka7 65. Re6 Ka8 66. f7
Rxf7 67. Kxh5 Ka7 68. Kg4 Ka8 69. Kg5 1/2-1/2

[Event "Outaouais-ch Reserve"]
[Site "Gatineau CAN"]
[Date "2022.06.07"]
[Round "6"]
[White "Obayojie, Emmanuel"]
[Black "Labelle, Raymond"]
[Result "1-0"]
[WhiteElo "1670"]
[BlackElo "1536"]
[PlyCount "37"]
[EventDate "2022.05.03"]
[EventType "swiss"]
[EventRounds "7"]
[EventCountry "CAN"]
[TimeControl "90/30:0"]

1. d4 d5 2. Nf3 h6 3. c4 c6 4. Nc3 Nf6 5. Bf4 e6 6. Qc2 Bd6 7. Ne5 b6 8. e4 Bb7
9. Ng6 fxg6 10. e5 Nh5 11. Qxg6+ Kf8 12. Qxh5 Be7 13. h4 Qe8 14. Qf3 Nd7 15. h5
Qf7 16. Bd3 Bb4 17. Bg6 Qg8 18. Bg5+ Nf6 19. Bxf6 1-0

[Event "Outaouais-ch Reserve"]
[Site "Gatineau CAN"]
[Date "2022.06.07"]
[Round "6"]
[White "Rioux, Jocelyn"]
[Black "Blais, Robert"]
[Result "1/2-1/2"]
[WhiteElo "1568"]
[BlackElo "1581"]
[PlyCount "57"]
[EventDate "2022.05.03"]
[EventType "swiss"]
[EventRounds "7"]
[EventCountry "CAN"]

1. d4 d5 2. Bf4 Nf6 3. e3 Bf5 4. Nf3 e6 5. Bd3 Bg4 6. h3 Bh5 7. c3 c6 8. Nbd2
Bd6 9. Qb3 b5 10. Ne5 Qc7 11. Ndf3 Bxf3 12. gxf3 Nh5 13. Nxf7 Kxf7 14. Bxd6
Qxd6 15. O-O-O Nd7 16. Qc2 Nhf6 17. Kb1 Ke7 18. e4 Qc7 19. e5 Nh5 20. Bxh7 Raf8
21. Rdg1 Kd8 22. Qg6 Nf4 23. Qxg7 Nb6 24. Qxc7+ Kxc7 25. Rg7+ Kb8 26. Re7 Nc8
27. Rd7 Nb6 28. Re7 Nc8 29. Rd7 1/2-1/2

[Event "Outaouais-ch Reserve"]
[Site "Gatineau CAN"]
[Date "2022.06.10"]
[Round "6"]
[White "Scantland, Patrick"]
[Black "Berthiaume, Patrick"]
[Result "0-1"]
[WhiteElo "1770"]
[BlackElo "1427"]
[PlyCount "96"]
[EventDate "2022.05.03"]
[EventType "swiss"]
[EventRounds "7"]
[EventCountry "CAN"]

1. d4 Nf6 2. Nf3 g6 3. c4 c5 4. Nc3 cxd4 5. Nxd4 Bg7 6. e4 d6 7. Be2 O-O 8. Be3
Nbd7 9. Qd2 Nc5 10. f3 Bd7 11. Bh6 Rc8 12. Bxg7 Kxg7 13. O-O Qb6 14. Kh1 Ne6
15. Nxe6+ Bxe6 16. b3 Qa5 17. Rad1 a6 18. Nd5 Qxd2 19. Rxd2 Bxd5 20. exd5 Nd7
21. Bd3 Rc7 22. Re1 Nc5 23. Re3 b5 24. cxb5 Nxd3 25. Rexd3 axb5 26. Kg1 Ra8 27.
Kf2 Rca7 28. a4 bxa4 29. bxa4 Rxa4 30. g4 Ra2 31. h4 Rxd2+ 32. Rxd2 Kf6 33. Re2
e5 34. dxe6 fxe6 35. Rd2 d5 36. Rd3 Ra4 37. Kg3 Ke5 38. Re3+ Kd6 39. Rb3 Ra7
40. f4 d4 41. Kf3 Kd5 42. g5 Rc7 43. Kg4 Ke4 44. Rb6 Re7 45. Rb5 e5 46. fxe5
Rxe5 47. Rb7 d3 48. Rxh7 d2 0-1

[Event "Outaouais-ch Reserve"]
[Site "Gatineau CAN"]
[Date "2022.06.07"]
[Round "6"]
[White "Seguin, Hubert"]
[Black "Legault, Stephane"]
[Result "1-0"]
[WhiteElo "1541"]
[BlackElo "1460"]
[PlyCount "89"]
[EventDate "2022.05.03"]
[EventType "swiss"]
[EventRounds "7"]
[EventCountry "CAN"]

1. e4 e5 2. Nf3 d6 3. d4 Bg4 4. Be2 Bxf3 5. Bxf3 exd4 6. Qxd4 Nd7 7. Nc3 Ne5 8.
Be2 c6 9. O-O h5 10. f4 Ng6 11. Be3 a6 12. Rad1 Qc7 13. a4 O-O-O 14. Bc4 Nf6
15. b4 Ng4 16. b5 c5 17. Qd2 Nxe3 18. Qxe3 a5 19. Nd5 Qb8 20. b6 Ne7 21. Nxe7+
Bxe7 22. Bxf7 Rdf8 23. Be6+ Kd8 24. Qxc5 Rh6 25. Qc7+ Qxc7 26. bxc7+ Kxc7 27.
Bd5 Rhf6 28. g3 h4 29. Rb1 b6 30. Rb3 hxg3 31. hxg3 g5 32. f5 Rh6 33. Rc3+ Kb8
34. Rc6 Bd8 35. e5 Rfh8 36. e6 g4 37. Rc4 b5 38. Rxg4 Bb6+ 39. Kg2 Rh2+ 40. Kf3
Bd4 41. Rxd4 b4 42. Bb3 Rf8 43. Ke4 Re2+ 44. Kd3 Kc7 45. Kxe2 1-0

[Event "Outaouais-ch Reserve"]
[Site "Gatineau CAN"]
[Date "2022.06.14"]
[Round "7"]
[White "Arcand, Pierre"]
[Black "Lecorre, Joel"]
[Result "0-1"]
[WhiteElo "1276"]
[BlackElo "1519"]
[PlyCount "68"]
[EventDate "2022.05.03"]
[EventType "swiss"]
[EventRounds "7"]
[EventCountry "CAN"]
[TimeControl "90/30:0"]

1. e4 e6 2. d4 d5 3. e5 c5 4. Nf3 Nc6 5. dxc5 Bxc5 6. Nc3 a6 7. Be2 Nge7 8. O-O
O-O 9. Bf4 Ng6 10. Bg3 b5 11. a3 Bb7 {la transcription dit Fc7} 12. b4 Bb6 13.
Nb1 Bc7 14. Nbd2 Ncxe5 15. Nxe5 Nxe5 16. Bxe5 Bxe5 17. Ra2 Qc7 18. g3 Rac8 19.
Bd3 Bc3 20. Nb1 Bf6 21. Qh5 h6 22. Nd2 e5 23. Qf5 e4 24. Be2 Rfe8 25. Qh3 Rcd8
26. Bd1 d4 27. f3 e3 28. Nb1 e2 29. Bxe2 Rxe2 30. Rf2 Rxf2 31. Kxf2 Qc4 32. Ra1
Qxc2+ 33. Kg1 d3 34. Qg2 Bxa1 0-1

[Event "Outaouais-ch Reserve"]
[Site "Gatineau CAN"]
[Date "2022.06.14"]
[Round "7"]
[White "Blais, Robert"]
[Black "Brault, Jean-Francois"]
[Result "1/2-1/2"]
[WhiteElo "1581"]
[BlackElo "1496"]
[PlyCount "59"]
[EventDate "2022.05.03"]
[EventType "swiss"]
[EventRounds "7"]
[EventCountry "CAN"]
[TimeControl "90/30:0"]

1. e4 c5 2. Nf3 g6 3. c4 Bg7 4. Nc3 Nc6 5. d3 Nd4 6. Be3 e5 7. Nd5 Ne7 8. Be2
O-O 9. O-O d6 10. Qd2 f5 11. Bxd4 exd4 12. Nxe7+ Qxe7 13. exf5 Bxf5 14. Rfe1
Rae8 15. Bf1 Qd8 16. Rxe8 Rxe8 17. Re1 Bd7 18. Rxe8+ Bxe8 19. Qe1 Bc6 20. Qe6+
Kh8 21. Be2 Bxf3 22. Bxf3 b6 23. Bd5 a5 24. a4 Be5 25. g3 g5 26. Qf7 Bg7 27.
Kg2 Qf8 28. Qh5 Bf6 29. Qf7 Qxf7 30. Bxf7 1/2-1/2

[Event "Outaouais-ch Reserve"]
[Site "Gatineau CAN"]
[Date "2022.06.15"]
[Round "7"]
[White "Labelle, Raymond"]
[Black "Godbout, Elliott"]
[Result "0-1"]
[WhiteElo "1536"]
[BlackElo "1295"]
[PlyCount "104"]
[EventDate "2022.05.03"]
[EventType "swiss"]
[EventRounds "7"]
[EventCountry "CAN"]

1. e4 e5 2. Nf3 Nc6 3. d4 exd4 4. Nxd4 Bc5 5. Nxc6 bxc6 6. Bc4 d6 7. O-O Nf6 8.
Nc3 h6 9. e5 dxe5 10. Qxd8+ Kxd8 11. Rd1+ Ke7 12. Kf1 Bf5 13. Re1 Bd6 14. Re2
Rhe8 15. h3 Kf8 16. Be3 Nd7 17. Rae1 Nb6 18. Bb3 a5 19. a4 Bb4 20. Rc1 Bxc3 21.
bxc3 Nd5 22. Bc5+ Kg8 23. Rce1 f6 24. g4 Be6 25. c4 Nb6 26. Re4 Rad8 27. f4 Nd7
28. Bf2 Bf7 29. c5 Kf8 30. f5 Rb8 31. Bxf7 Kxf7 32. Rd1 Ke7 33. Rc4 Rb4 34.
Rxb4 axb4 35. a5 Nb8 36. Ra1 Na6 37. Be1 Rb8 38. Ra4 Kd7 39. Bf2 Rb5 40. Ke2
Kc8 41. Kd3 Nxc5+ 42. Bxc5 Rxc5 43. a6 Rc3+ 44. Kd2 Ra3 45. Rxb4 Rxa6 46. Rc4
Kd7 47. Ke3 Ra3+ 48. c3 Kd6 49. Kd3 Kd5 50. Re4 Rxc3+ 51. Kxc3 Kxe4 52. Kc4 Kf4
0-1

[Event "Outaouais-ch Reserve"]
[Site "Gatineau CAN"]
[Date "2022.06.15"]
[Round "7"]
[White "Mailhot, Michel"]
[Black "Piche, Danielle"]
[Result "0-1"]
[WhiteElo "1160"]
[BlackElo "934"]
[PlyCount "78"]
[EventDate "2022.05.03"]
[EventType "swiss"]
[EventRounds "7"]
[EventCountry "CAN"]

1. d4 d5 2. e3 Nc6 3. Nf3 Nf6 4. Bd3 Bf5 5. Bxf5 e6 6. Bd3 Bb4+ 7. c3 Ba5 8.
O-O O-O 9. Re1 Ne7 10. b4 Bb6 11. a4 c6 12. Nbd2 Bc7 13. Bb2 Qd6 14. Nf1 a6 15.
c4 Qxb4 16. Re2 dxc4 17. Ba3 Qa5 18. Bxe7 Rfe8 19. Bxf6 cxd3 20. Qxd3 gxf6 21.
g3 b5 22. Rb1 Qxa4 23. Reb2 Red8 24. N3d2 e5 25. Qe4 Rd6 26. Nb3 Bb6 27. dxe5
Rad8 28. Qf5 fxe5 29. Ra1 Qc4 30. Na5 Bxa5 31. Rxa5 Rd1 32. Qg5+ Kh8 33. Kg2
Qxf1+ 34. Kf3 e4+ 35. Kf4 Qh1 36. Qf6+ Kg8 37. Qxc6 Qf3+ 38. Kg5 R1d5+ 39. Kh6
Qh5# 0-1

[Event "Outaouais-ch Reserve"]
[Site "Gatineau CAN"]
[Date "2022.06.15"]
[Round "7"]
[White "Masse-Garneau, Anthony"]
[Black "Scantland, Patrick"]
[Result "1-0"]
[WhiteElo "1547"]
[BlackElo "1770"]
[PlyCount "55"]
[EventDate "2022.05.03"]
[EventType "swiss"]
[EventRounds "7"]
[EventCountry "CAN"]

1. e4 c5 2. Nf3 d6 3. d4 cxd4 4. Nxd4 Nf6 5. Nc3 a6 6. Be2 e5 7. Nb3 Be7 8. O-O
O-O 9. Be3 Be6 10. f3 Nbd7 11. Qd2 Qc7 12. Rac1 b5 13. Rfd1 Rac8 14. Nd5 Bxd5
15. exd5 Nb6 16. Bxb6 Qxb6+ 17. Kh1 Nd7 18. c4 Qd8 19. Qa5 bxc4 20. Qxd8 Bxd8
21. Rxc4 Rxc4 22. Bxc4 Bb6 23. Bxa6 f5 24. Rc1 Nf6 25. Rc6 Nxd5 26. Rxd6 Rd8
27. Rxd8+ Bxd8 28. Bc4 1-0

[Event "Outaouais-ch Reserve"]
[Site "Gatineau CAN"]
[Date "2022.06.14"]
[Round "7"]
[White "Rioux, Jocelyn"]
[Black "Obayojie, Emmanuel"]
[Result "1/2-1/2"]
[WhiteElo "1568"]
[BlackElo "1670"]
[PlyCount "75"]
[EventDate "2022.05.03"]
[EventType "swiss"]
[EventRounds "7"]
[EventCountry "CAN"]

1. d4 d5 2. Bf4 Nf6 3. e3 c5 4. c3 Nc6 5. Nd2 cxd4 6. exd4 e6 7. Bd3 Bd6 8. Bg3
Bxg3 9. hxg3 e5 10. dxe5 Nxe5 11. Qe2 O-O 12. Bxh7+ Nxh7 13. Qh5 f6 14. Qxh7+
Kf7 15. O-O-O Ng6 16. Qh2 d4 17. Ndf3 Qa5 18. Nxd4 Qxa2 19. Nh3 Bd7 20. Nc2 Bf5
21. Rd4 Qb3 22. Ne3 Be6 23. Rb4 Qa2 24. Rxb7+ Ke8 25. g4 Ne5 26. Nf4 Qa1+ 27.
Kd2 Rd8+ 28. Ke2 Qa6+ 29. Ke1 Qxb7 30. Nxe6 Qxb2 31. Nxd8 Nd3+ 32. Kd1 Nxf2+
33. Ke1 Nxh1 34. Qh5+ Kxd8 35. Qd5+ Ke8 36. Qe6+ Kd8 37. Qd6+ Ke8 38. Qe6+
1/2-1/2

[Event "Outaouais-ch Reserve"]
[Site "Gatineau CAN"]
[Date "2022.06.14"]
[Round "7"]
[White "Simard, Paul"]
[Black "Roussel-Lewis, Mathieu"]
[Result "1-0"]
[WhiteElo "1252"]
[BlackElo "1273"]
[PlyCount "73"]
[EventDate "2022.05.03"]
[EventType "swiss"]
[EventRounds "7"]
[EventCountry "CAN"]

1. d4 d5 2. Bf4 e6 3. Nf3 c5 4. c4 Nc6 5. e3 cxd4 6. exd4 Bb4+ 7. Bd2 Nf6 8. a3
Bxd2+ 9. Nbxd2 Qb6 10. Nb3 O-O 11. Be2 dxc4 12. Bxc4 Rd8 13. O-O a5 14. a4 Qc7
15. h3 b6 16. Rc1 Ba6 17. Bxa6 Rxa6 18. Ne5 Rd6 19. Qf3 Nd5 20. Rfe1 Ndb4 21.
d5 Rxd5 22. Qg3 Qb7 23. Nxc6 Nd3 24. Ne7+ Qxe7 25. Rc8+ Rd8 26. Qxd3 Ra8 27.
Rxd8+ Rxd8 28. Qb5 h6 29. Qxb6 Rd5 30. Nxa5 Qg5 31. Nc6 Rc5 32. Qd8+ Qxd8 33.
Nxd8 Rc2 34. b4 Kf8 35. b5 Ra2 36. Re4 Ke7 37. Nc6+ 1-0

[Event "Outaouais-ch Reserve"]
[Site "Gatineau CAN"]
[Date "2022.06.14"]
[Round "7"]
[White "Simchowitz, Yves"]
[Black "Chenard, Paul"]
[Result "0-1"]
[WhiteElo "1061"]
[BlackElo "1150"]
[PlyCount "34"]
[EventDate "2022.05.03"]
[EventType "swiss"]
[EventRounds "7"]
[EventCountry "CAN"]

1. e4 e5 2. d4 Nf6 3. Nc3 Bb4 4. Bd2 Nc6 5. d5 Nd4 6. a3 Ba5 7. b4 Bb6 8. a4 a5
9. Qb1 O-O 10. Nf3 d6 11. Nxd4 exd4 12. Nb5 Re8 13. Be2 Nxe4 14. Qd1 Nxf2 15.
Kxf2 d3+ 16. Ke1 Rxe2+ 17. Kf1 Qf6+ 0-1

[Event "Outaouais-ch U20"]
[Site "Gatineau CAN"]
[Date "2022.09.16"]
[Round "1"]
[White "Fang, Zhou"]
[Black "Azar, Sebastien"]
[Result "1-0"]
[WhiteElo "1855"]
[BlackElo "2015"]
[PlyCount "93"]
[EventDate "2022.09.16"]
[EventType "tourn"]
[EventRounds "5"]
[EventCountry "CAN"]

1. e4 c5 2. Nf3 d6 3. d4 cxd4 4. Nxd4 Nf6 5. Nc3 Nc6 6. f3 e5 7. Ndb5 a6 8. Na3
Be7 9. Be3 b5 10. Nd5 Nxd5 11. exd5 Nd4 12. Bxd4 exd4 13. Qxd4 Bh4+ 14. g3 Bg5
15. Kf2 O-O 16. c3 Bf6 17. Qd2 Re8 18. Nc2 Qb6+ 19. Kg2 Bb7 20. Be2 Bg5 21. f4
Rxe2+ 22. Qxe2 Bxd5+ 23. Kh3 Be6+ 24. Kg2 Bd5+ 25. Kh3 Be6+ 26. g4 Bxf4 27. Qf3
Re8 28. Qxf4 h5 29. Rhe1 Qc5 30. Nd4 hxg4+ 31. Kg3 Qh5 32. Nxe6 Qh3+ 33. Kf2
fxe6 34. Qg3 Qh5 35. Kg1 e5 36. Re4 Re7 37. Qxg4 Qe8 38. Rae1 d5 39. R4e3 Re6
40. Rg3 Qd7 41. Qf5 Qe7 42. Rg6 Qa7+ 43. Kh1 Re8 44. Reg1 Re7 45. Qc8+ Kh7 46.
R6g3 g5 47. Rxg5 1-0

[Event "Outaouais-ch U20"]
[Site "Gatineau CAN"]
[Date "2022.09.13"]
[Round "1"]
[White "Pestieau, Gabriel"]
[Black "Fiset, Anais Chloe"]
[Result "1-0"]
[WhiteElo "1480"]
[BlackElo "1636"]
[PlyCount "101"]
[EventDate "2022.09.16"]
[EventType "tourn"]
[EventRounds "5"]
[EventCountry "CAN"]

1. d4 d5 2. c4 c6 3. Nc3 Nf6 4. Nf3 a6 5. Bg5 e6 6. e3 Be7 7. Bd3 dxc4 8. Bxc4
b5 9. Bd3 c5 10. dxc5 Bxc5 11. O-O O-O 12. Ne4 Be7 13. Qc2 Nd5 14. Bxe7 Qxe7
15. a3 Bb7 16. Rac1 Nd7 17. Neg5 h6 18. Ne4 N5f6 19. Nfd2 Ne5 20. Nxf6+ Qxf6
21. Be4 Rac8 22. Qb1 Rxc1 23. Rxc1 Bxe4 24. Nxe4 Qh4 25. Rc5 Nc4 26. a4 Rd8 27.
g3 Qg4 28. Nc3 b4 29. Qe4 Qxe4 30. Nxe4 Nxb2 31. Ra5 Ra8 32. Nd2 Kf8 33. Kf1
Rd8 34. Nb3 Rd6 35. Ke2 Rc6 36. Rc5 Rxc5 37. Nxc5 a5 38. Kd2 Nc4+ 39. Kd3 Nd6
40. e4 Nc8 41. Kc4 Na7 42. Nb3 Nc6 43. Kb5 Ne5 44. Kxa5 Nd3 45. f4 Ke7 46. Kb6
Kd7 47. a5 Kc8 48. a6 Kb8 49. a7+ Ka8 50. Nd4 Nb2 51. Nb5 1-0

[Event "Outaouais-ch U20"]
[Site "Gatineau CAN"]
[Date "2022.09.20"]
[Round "2"]
[White "Azar, Sebastien"]
[Black "Creo, Jeremy"]
[Result "1-0"]
[WhiteElo "2015"]
[BlackElo "1447"]
[PlyCount "43"]
[EventDate "2022.09.16"]
[EventType "tourn"]
[EventRounds "5"]
[EventCountry "CAN"]
[TimeControl "90/30:0"]

1. e4 c5 2. Nf3 d5 3. exd5 Nf6 4. d4 Qxd5 5. Nc3 Qd8 6. Bb5+ Bd7 7. O-O e6 8.
Bg5 Be7 9. dxc5 O-O 10. Qe2 Bxc5 11. Rad1 Bxb5 12. Qxb5 Qb6 13. Bxf6 gxf6 14.
Qc4 Qb4 15. Qe2 Qxb2 16. Rd3 Bb6 17. Rb1 Qa3 18. Nd5 Qxa2 19. Nxf6+ Kh8 20.
Rbd1 Qb2 21. Ne5 Nc6 22. Qh5 1-0

[Event "Outaouais-ch U20"]
[Site "Gatineau CAN"]
[Date "2022.09.20"]
[Round "2"]
[White "Fiset, Anais Chloe"]
[Black "Fang, Zhou"]
[Result "1/2-1/2"]
[WhiteElo "1636"]
[BlackElo "1855"]
[PlyCount "76"]
[EventDate "2022.09.16"]
[EventType "tourn"]
[EventRounds "5"]
[EventCountry "CAN"]

1. e4 c5 2. Nf3 Nc6 3. Bb5 g6 4. O-O Bg7 5. Re1 e5 6. Nc3 a6 7. Bxc6 bxc6 8. d3
Ne7 9. Be3 d6 10. Qd2 O-O 11. Bh6 Bxh6 12. Qxh6 f6 13. h4 Kh8 14. Qe3 Qa5 15.
Nd2 Be6 16. a3 Rab8 17. Reb1 Qc7 18. b4 d5 19. exd5 cxd5 20. Qxc5 Qd7 21. Qa5
Rfc8 22. Na4 Rxc2 23. Nc5 Qd6 24. Ndb3 Bc8 25. Rc1 Rxc1+ 26. Rxc1 f5 27. f3 d4
28. Nd2 Rb5 29. Qa4 Nd5 30. Nc4 Qf6 31. Re1 Ne3 32. Nxe3 dxe3 33. Rxe3 Qxh4 34.
Nxa6 Qd4 35. Qxb5 Qxe3+ 36. Kf1 Qc1+ 37. Ke2 Qc2+ 38. Kf1 Qd1+ 1/2-1/2

[Event "Outaouais-ch U20"]
[Site "Gatineau CAN"]
[Date "2022.09.20"]
[Round "2"]
[White "Pestieau, Gabriel"]
[Black "Latreille, Etienne"]
[Result "0-1"]
[WhiteElo "1480"]
[BlackElo "2124"]
[PlyCount "62"]
[EventDate "2022.09.16"]
[EventType "tourn"]
[EventRounds "5"]
[EventCountry "CAN"]
[TimeControl "90/30:0"]

1. d4 d5 2. c4 c6 3. Nc3 Nf6 4. Nf3 a6 5. Qc2 g6 6. Bg5 Bg7 7. e3 b5 8. cxd5
cxd5 9. Bd3 Bb7 10. O-O O-O 11. Rfc1 Nbd7 12. b4 Rc8 13. Qb3 Nb6 14. a4 bxa4
15. Nxa4 Nxa4 16. Qxa4 Qb6 17. Ne5 Qd6 18. Bxf6 Bxf6 19. Nd7 Rfd8 20. Nc5 Bc6
21. Qb3 e5 22. Rxa6 exd4 23. b5 dxe3 24. Rxc6 exf2+ 25. Kh1 Rxc6 26. bxc6 Qf4
27. Qd1 Re8 28. Qf1 Qxc1 29. Qxc1 Re1+ 30. Bf1 Rxc1 31. g3 Rxc5 0-1

[Event "Outaouais-ch U20"]
[Site "Gatineau CAN"]
[Date "2022.09.27"]
[Round "3"]
[White "Azar, Sebastien"]
[Black "Latreille, Etienne"]
[Result "1/2-1/2"]
[WhiteElo "2015"]
[BlackElo "2124"]
[PlyCount "150"]
[EventDate "2022.09.16"]
[EventType "tourn"]
[EventRounds "5"]
[EventCountry "CAN"]
[TimeControl "90+30"]

1. e4 c5 2. Nf3 Nc6 3. d4 cxd4 4. Nxd4 g6 5. Nc3 Bg7 6. Be3 Nf6 7. Bc4 O-O 8.
Qe2 Nxe4 9. Nxc6 Nxc3 10. Nxd8 Nxe2 11. Nxf7 Rxf7 12. Bxf7+ Kxf7 13. Kxe2 Bxb2
14. Rab1 Bf6 15. Rhd1 b6 16. Rb4 d6 17. Ra4 Bd7 18. Ra3 Bb5+ 19. Kd2 Bc6 20. f3
h5 21. Ke2 g5 22. Kf2 g4 23. fxg4 hxg4 24. g3 Ke6 25. Rb1 Be5 26. Rb4 Rf8+ 27.
Kg1 Bf3 28. Rxa7 Rc8 29. c4 Bc3 30. Rxb6 Rxc4 31. Rb1 Bf6 32. Ra3 Rc2 33. Bf2
d5 34. Re1+ Kf5 35. h3 e5 36. Rf1 e4 37. hxg4+ Kxg4 38. Rxf3 exf3 39. Rd1 d4
40. a3 Rc3 41. Ra1 d3 42. Be3 Kxg3 43. Kf1 Rc2 44. Rd1 Ra2 45. a4 Rxa4 46. Bf2+
Kf4 47. Rxd3 Ra1+ 48. Be1 Ke4 49. Rb3 Ra2 50. Rb1 Bd4 51. Rd1 Rg2 52. Rxd4+
Kxd4 53. Bf2+ Kd3 54. Bc5 Rc2 55. Bb6 Ke4 56. Ba7 Rc6 57. Kf2 Rc2+ 58. Ke1 Kf4
59. Kf1 Kg4 60. Bd4 Kf4 61. Ba7 Ra2 62. Bd4 Kg4 63. Bc5 Kh3 64. Bd4 Kh4 65. Bc5
Kg5 66. Bb6 Kf6 67. Bd4+ Ke6 68. Be3 Kd5 69. Bb6 Kc4 70. Be3 Kd3 71. Bc5 Rg2
72. Bb6 Kc2 73. Bc5 Kd1 74. Bb6 Rh2 75. Be3 f2 1/2-1/2

[Event "Outaouais-ch U20"]
[Site "Gatineau CAN"]
[Date "2022.09.27"]
[Round "3"]
[White "Creo, Jeremy"]
[Black "Fiset, Anais Chloe"]
[Result "1/2-1/2"]
[WhiteElo "1447"]
[BlackElo "1636"]
[PlyCount "58"]
[EventDate "2022.09.16"]
[EventType "tourn"]
[EventRounds "5"]
[EventCountry "CAN"]
[TimeControl "90/30:0"]

1. e4 c6 2. d4 d5 3. Nc3 dxe4 4. Nxe4 Nf6 5. Nxf6+ exf6 6. Nf3 Bf5 7. Be2 Bd6
8. O-O O-O 9. c4 Nd7 10. Be3 Re8 11. Rc1 Nf8 12. a3 Ng6 13. d5 cxd5 14. cxd5
Be4 15. Kh1 Bf4 16. Rc3 Qxd5 17. Qxd5 Bxd5 18. Rd1 Bxe3 19. Rxe3 Nf4 20. Rd2
Rac8 21. h3 Red8 22. Bd3 Rc6 23. Be4 Rcd6 24. Bxd5 Rxd5 25. Rxd5 Nxd5 26. Re2
h6 27. Rd2 Kf8 28. Ne1 Ke7 29. Re2+ Kd6 1/2-1/2